000 00662nam a2200241Ia 4500
005 20260430150705.0
008 008 250103s9999 xx 000 0 eng d
037 _aTheses
040 _aCRL
040 _beng
040 _ceng
041 _2eng
041 _aeng
084 _qCRL
100 _aSingh Pawan Au.; Dash Sandipani Gu.
_91238224
245 0 _aConflict Resolution in North Africa: The Role of African Union in Egypt and Libya
260 _c2024
300 _a255p.
650 _aAfrican Literature
700 _aUniversity of Delhi. Faculty of Social Science. Deptt. of African Studies
942 _cTH
999 _c1850400
_d1850400